| 000 | 01047nam a2200277Ia 4500 | ||
|---|---|---|---|
| 003 | OSt | ||
| 005 | 20221005104244.0 | ||
| 006 | a|||||r|||| 00| 0 | ||
| 007 | ta | ||
| 008 | 221004b |||||||| |||| 00| 0 per d | ||
| 020 |
_a9788123015101 (pbk) _cINR 45.00 |
||
| 024 | _a43659 | ||
| 037 |
_b322, 11/03/2019, Eastern Book Linkers _cTextual |
||
| 040 |
_aCRL _cCRL _bper |
||
| 041 |
_2per _aper |
||
| 082 | _aO164,3G08x, 152Q2 | ||
| 100 | _aखुसरो, अमीर, ले. | ||
| 245 | 0 | _aकिस्सा चार दरवेश | |
| 246 | _aKissā chār daravesha | ||
| 250 | _aसंस्करण 6 | ||
| 260 |
_aदिल्ली _bप्रकाशन विभाग सूचना और प्रसारण मंत्रालय भारत _c2012 |
||
| 300 |
_a44पृ0 _ccm. |
||
| 650 | _aपरशियन साहित्य | ||
| 942 |
_hO164,3G08x, 152Q2 _cTEXL _2cc |
||
| 999 |
_c1012167 _d1012167 |
||